书目信息 |
| 题名: |
空间技术的今天和明天
|
|
| 作者: | 关则桑 编写 | |
| 分册: | ||
| 出版信息: | 成都 四川人民出版社 1981 |
|
| 页数: | 177页 | |
| 开本: | 19cm | |
| 丛书名: | ||
| 单 册: | ||
| 中图分类: | V4-49 | |
| 科图分类: | ||
| 主题词: | 航天学--普及读物 | |
| 电子资源: | ||
| ISBN: | ||
| 000 | 00623nam0 2200229 45 | |
| 001 | 0181006799 | |
| 005 | 20060802150926.01 | |
| 010 | @dCNY0.52 | |
| 091 | @aCN@b13118.51 | |
| 100 | @a19950511d1981 em y0chiy0121 ea | |
| 101 | 0 | @achi |
| 102 | @aCN@b510000 | |
| 105 | @ay z 000yy | |
| 200 | 10 | @a空间技术的今天和明天@Akong jian ji shu de jin tian he ming tian@f关则桑等编写 |
| 210 | @a成都@c四川人民出版社@d1981 | |
| 215 | @a177页@d19cm | |
| 606 | @a航天学@x普及读物 | |
| 690 | @aV4-49@v3 | |
| 701 | 0 | @a关则桑@Aguan ze sang@4编写 |
| 801 | 0 | @aCN@bTSSF@c20060802 |
| 801 | 2 | @aCN@bNLC@c20060726 |
| 905 | @dV4-49@e24 | |
| 空间技术的今天和明天/关则桑等编写.-成都:四川人民出版社,1981 |
| 177页;19cm |
| ISBN :CNY0.52 |
| ● |
| 相关链接 |
|
|
|
|
正题名:空间技术的今天和明天
索取号:V4-49/24
 
预约/预借
| 序号 | 登录号 | 条形码 | 馆藏地/架位号 | 状态 | 备注 |
| 1 | 0438593 | 204385931 | 密集书库/ [索取号:V4-49/24] | 在馆 | |
| 2 | 0439494 | 204394949 | 密集书库/ [索取号:V4-49/24] | 在馆 | |
| 3 | 0439495 | 204394958 | 密集书库/ [索取号:V4-49/24] | 在馆 |